00277nam a2200109Ia 4500008004100000082001200041100001600053245004300069250002500112260000900137300002100146190415s9999 xx 000 0 und d aTH.0052 aHooda, I.S. 0aIntegrated Rural Development Programme aMaharshi Dayanand Un c1991 a294p. + C D - 36